LEADER 01020nam a2200229 i 4500 001 000000045683 003 CaOOAMICUS 005 20090529000000.0 008 090529s1921 xx u000 u fre u 013 $a16853 040 $aSeMil$bita 100 1 $aBaunard, Louis Pierre André <1828-1919>.$0(OLS)http://semarc/name/22709 245 13$aLe doute et ses victimes dans le siècle présent /$cLouis Baunard Pierre André. 260 $aParis :$bJ. de Gigord,$c1921. 300 $a491 p. ;$c19 cm. 490 0 $aLe combat de la foi : études biographiques et apologétiques 650 4$aReligione.$0(OLS)http://semarc/subject/3159 830 3$aLe combat de la foi : études biographiques et apologétiques.$0(OLS)http://semarc/title/28384 850 $aSeMil 852 $aSeMil$W1$xVenegono$y1$m2A II 179$j11838$B11838$CSeMilBibl$Z2$F11838 $81 996 $6245$aLe doute et ses victimes dans le siècle présent$9(OLS)http://semarc/title/68014 996 $6260$aParis :$bJ. de Gigord$9(OLS)http://semarc/publisher/35518 LEADER 01031nam a2200253 i 4500 001 000000117951 003 CaOOAMICUS 005 20030915000000.0 008 030915s1986 it u000 u ita u 013 $a90644 040 $aSeMil$bita 100 1 $aLubich, Gino.$0(OLS)http://semarc/name/42009 245 10$aDon Luigi Palazzolo :$bla misericordia continua /$cGino Lubich, Piero Lazzarin. 260 $aBrescia :$bQueriniana,$c1986. 300 $a202 p., [8] p. di tav. ;$c20 cm. 500 $aFondo Card. Carlo Maria Martini. 600 14$aPalazzolo, Luigi Maria .$0(OLS)http://semarc/subject/13202 700 1 $aLazzarin, Piero.$0(OLS)http://semarc/name/40095 850 $aSeMil 852 $aSeMil$W1$xVenegono$y1$m3H I 261$j73291$B73291$CSeMilBibl$Z2$F93028 $81 941 1 $a4 961 $aOmaggio: Martini Card. Carlo Maria 996 $6245$aDon Luigi Palazzolo :$bla misericordia continua$9(OLS)http://semarc/title/173220 996 $6260$aBrescia :$bQueriniana$9(OLS)http://semarc/publisher/29615